000 00717nam a2200193 u 4500
001 000636123
003 AM-YeHGA
005 20250617140631.0
008 090225s1962 ||| r 000 0 rus d
040 _aAM-YeHGA
041 0 _arus
100 1 _aНикифоров, Геннадий Петрович
245 1 0 _aМолодой орел :
_bОчерк о жизни Н.Е. Федосеева во Владимире /
_cГ. Никифоров.
260 _aВладимир :
_bВладимир. кн. изд-во,
_c1962.
300 _a175 с. :
_bпортр.
600 1 4 _aФедосеев, Николай Евграфович
653 0 _aКПСС - История - Биографии
090 _c225131
999 _c223596
_d223596